[Event "MK Cafe Cup-B"]
[Site "Koszalin"]
[Date "1998.??.??"]
[Round "3"]
[White "Gralka, Przemyslaw"]
[Black "Sarwinski, Miroslaw"]
[Result "0-1"]
[WhiteElo "2295"]
[BlackElo "2380"]
[PlyCount "76"]
[EventDate "1998.08.??"]
[EventType "swiss"]
[EventRounds "10"]
[EventCountry "POL"]
[SourceTitle "EXT 1999"]
[Source "ChessBase"]
[SourceDate "1998.11.16"]
[SourceVersion "1"]
[SourceVersionDate "1998.11.16"]
[SourceQuality "1"]

1. d4 Nf6 2. Nf3 e6 3. Bf4 b6 4. e3 Bb7 5. Nbd2 Be7 6. h3 0-0 7. Be2 c5 8. c3 Nc6 9. 0-0 d6 10. Bh2 Rc8 11. Rc1 Re8 12. Re1 d5 13. Ne5 Nxe5 14. Bxe5 Nd7 15. Bh2 Bf6 16. Nf3 a6 17. Bd3 Qe7 18. Ne5 Nxe5 19. dxe5 Bg5 20. f4 Bh6 21. Qh5 Qf8 22. Qe2 b5 23. e4 c4 24. Bb1 Red8 25. exd5 Bxd5 26. Rcd1 b4 27. Bg3 bxc3 28. Qc2 g6 29. Qxc3 Qc5+ 30. Bf2 Qc6 31. Qg3 c3 32. bxc3 Qxc3 33. Rd3 Qb4 34. Rd4 Qb2 35. Red1 Rc1 36. Qh4 Rdc8 37. Bxg6 hxg6 38. Qxh6 Qxd4 0-1

[Event "MK Cafe Cup-B"]
[Site "Koszalin"]
[Date "1998.??.??"]
[Round "4"]
[White "Sarwinski, Miroslaw"]
[Black "Ehrenfeucht, Wojciech"]
[Result "1-0"]
[WhiteElo "2380"]
[BlackElo "2335"]
[PlyCount "111"]
[EventDate "1998.08.??"]
[EventType "swiss"]
[EventRounds "10"]
[EventCountry "POL"]
[SourceTitle "EXT 1999"]
[Source "ChessBase"]
[SourceDate "1998.11.16"]
[SourceVersion "1"]
[SourceVersionDate "1998.11.16"]
[SourceQuality "1"]

1. d4 Nf6 2. c4 c5 3. e3 g6 4. Nc3 Bg7 5. Nf3 0-0 6. Be2 cxd4 7. Nxd4 d5 8. 0-0 Nc6 9. cxd5 Nxd5 10. Nxc6 bxc6 11. Na4 Rb8 12. e4 Nb4 13. Bf4 Qxd1 14. Rfxd1 e5 15. Bg3 Nc2 16. Rac1 Rb4 17. Rxc2 Rxa4 18. Bc4 Re8 19. Rd6 c5 20. f3 Rb4 21. Rc6 Bf8 22. Rc7 Be6 23. Bxe6 Rxe6 24. Rxa7 Rd4 25. Kf1 Rd1+ 26. Be1 Red6 27. Ke2 Rb1 28. b3 Rdd1 29. Bg3 f6 30. Bf2 Rbc1 31. Rxc1 Rxc1 32. Rd7 Bh6 33. Be3 Bxe3 34. Kxe3 c4 35. bxc4 Rxc4 36. Rd2 Rc3+ 37. Ke2 Ra3 38. Kd1 f5 39. exf5 gxf5 40. Kc1 Kf7 41. Kb2 Re3 42. a4 e4 43. fxe4 Rxe4 44. Kb3 f4 45. a5 Kf6 46. Ra2 Kg5 47. a6 Re8 48. a7 Ra8 49. Kb4 Kg4 50. Kb5 h5 51. Kb6 h4 52. Kb7 Rh8 53. a8Q Rxa8 54. Rxa8 h3 55. Rg8+ Kf5 56. g4+ 1-0

[Event "MK Cafe Cup-B"]
[Site "Koszalin"]
[Date "1998.??.??"]
[Round "8"]
[White "Sarwinski, Miroslaw"]
[Black "Szelag, Marcin"]
[Result "1-0"]
[WhiteElo "2380"]
[BlackElo "2350"]
[PlyCount "81"]
[EventDate "1998.08.??"]
[EventType "swiss"]
[EventRounds "10"]
[EventCountry "POL"]
[SourceTitle "EXT 1999"]
[Source "ChessBase"]
[SourceDate "1998.11.16"]
[SourceVersion "1"]
[SourceVersionDate "1998.11.16"]
[SourceQuality "1"]

1. d4 Nf6 2. c4 g6 3. Nc3 Bg7 4. e4 d6 5. Nf3 0-0 6. Be2 e5 7. 0-0 Na6 8. Re1 c6 9. Bf1 Bg4 10. dxe5 Bxf3 11. Qxf3 dxe5 12. Be3 Qe7 13. Rad1 Nc5 14. g3 Ne6 15. Bh3 Nd7 16. Bxe6 Qxe6 17. Qe2 Rfd8 18. Rd2 Bf8 19. Red1 Qe8 20. Na4 b6 21. Bg5 Be7 22. Qg4 Nf8 23. Qh4 Bxg5 24. Qxg5 Rd4 25. Nc3 Rxc4 26. Rd6 Rd4 27. h4 h5 28. Kg2 Rc8 29. f3 Nh7 30. Qe3 Rxd6 31. Rxd6 Qe7 32. Qd2 Nf6 33. Rd3 Rc7 34. Qg5 Qe6 35. Nd1 Kf8 36. Nf2 Ke8 37. f4 exf4 38. gxf4 Rd7 39. f5 Qe5 40. fxg6 Qe6 41. Rf3 1-0

[Event "MK Cafe Cup-A"]
[Site "Koszalin"]
[Date "1997.08.11"]
[Round "10"]
[White "Sarwinski, Miroslaw"]
[Black "Markowski, Damian"]
[Result "1-0"]
[WhiteElo "2390"]
[BlackElo "2305"]
[PlyCount "126"]
[EventDate "1997.08.03"]
[EventType "swiss"]
[EventRounds "10"]
[EventCountry "POL"]
[SourceTitle "CBM 059 Extra"]
[Source "ChessBase"]
[SourceDate "1997.09.26"]
[SourceVersion "1"]
[SourceVersionDate "1997.09.26"]
[SourceQuality "1"]

1. d4 Nf6 2. c4 g6 3. Nc3 d5 4. Nf3 Bg7 5. Bg5 Ne4 6. cxd5 Nxg5 7. Nxg5 e6 8. Nf3 exd5 9. e3 c6 10. Be2 0-0 11. 0-0 Qe7 12. Ne1 Nd7 13. Rb1 Nb6 14. Na4 Bf5 15. Bd3 Be4 16. Qb3 Nc4 17. Rd1 Nd6 18. Be2 g5 19. Nc5 Bg6 20. Nf3 f5 21. Bd3 Rf7 22. Bb1 Bh5 23. Rde1 Ne4 24. Nxe4 fxe4 25. Nd2 g4 26. Qc2 Raf8 27. g3 Bg6 28. Nb3 Qg5 29. Nc1 Bxd4 30. Qd2 Be5 31. Ne2 Qh5 32. Nf4 Bxf4 33. gxf4 Rf6 34. Kh1 c5 35. b4 b6 36. bxc5 bxc5 37. Rc1 Rc8 38. Qa5 Qh3 39. Rg1 Qf3+ 40. Rg2 Rfc6 41. Bc2 Qe2 42. Bb3 Bf7 43. Re1 Qb2 44. f3 Qf6 45. Rxg4+ Kh8 46. fxe4 Bh5 47. e5 Qf5 48. Rg3 Qe4+ 49. Kg1 Rg6 50. Qd2 c4 51. Bc2 Rxg3+ 52. hxg3 c3 53. Qf2 Qf3 54. Qxf3 Bxf3 55. Kf2 Be4 56. Rc1 Kg7 57. g4 Kg6 58. Kg3 h5 59. Bxe4+ dxe4 60. gxh5+ Kxh5 61. Rh1+ Kg6 62. Kg4 Rd8 63. f5+ Kg7 1-0

[Event "MK Cafe Cup-A"]
[Site "Koszalin"]
[Date "1997.08.10"]
[Round "9"]
[White "Sarwinski, Miroslaw"]
[Black "Gushpit, Iaroslav"]
[Result "1/2-1/2"]
[WhiteElo "2390"]
[BlackElo "2345"]
[PlyCount "60"]
[EventDate "1997.08.03"]
[EventType "swiss"]
[EventRounds "10"]
[EventCountry "POL"]
[SourceTitle "CBM 059 Extra"]
[Source "ChessBase"]
[SourceDate "1997.09.26"]
[SourceVersion "1"]
[SourceVersionDate "1997.09.26"]
[SourceQuality "1"]

1. d4 f5 2. Nc3 Nf6 3. Bg5 d5 4. e3 e6 5. Bd3 c5 6. Nf3 Be7 7. 0-0 0-0 8. dxc5 Ne4 9. Bxe7 Qxe7 10. Na4 Bd7 11. c4 Qe8 12. Nc3 Nxc3 13. bxc3 Ba4 14. Qb1 Na6 15. cxd5 Nxc5 16. dxe6 Nxd3 17. Qxd3 Qxe6 18. Nd4 Qd7 19. Rfe1 Qf7 20. Re2 Rac8 21. Rc1 Rc5 22. e4 fxe4 23. Qxe4 Bc6 24. Nxc6 Rxc6 25. Qd4 Qc4 26. Qxc4+ Rxc4 27. Kf1 Rfc8 28. Rec2 b5 29. Ke2 a6 30. Kd3 Rd8+ 1/2-1/2

[Event "MK Cafe Cup-A"]
[Site "Koszalin"]
[Date "1997.08.09"]
[Round "8"]
[White "Teske, Henrik"]
[Black "Sarwinski, Miroslaw"]
[Result "1-0"]
[WhiteElo "2515"]
[BlackElo "2390"]
[PlyCount "159"]
[EventDate "1997.08.03"]
[EventType "swiss"]
[EventRounds "10"]
[EventCountry "POL"]
[SourceTitle "CBM 059 Extra"]
[Source "ChessBase"]
[SourceDate "1997.09.26"]
[SourceVersion "1"]
[SourceVersionDate "1997.09.26"]
[SourceQuality "1"]

1. c4 Nf6 2. Nc3 c5 3. g3 Nc6 4. Bg2 g6 5. e3 Bg7 6. Nge2 h5 7. h3 d6 8. d4 cxd4 9. exd4 0-0 10. 0-0 Bf5 11. Be3 Qc8 12. Kh2 Nb4 13. Qb3 a5 14. Rac1 Bd3 15. c5 dxc5 16. dxc5 Ba6 17. Rfd1 Rd8 18. Rxd8+ Qxd8 19. Nf4 e6 20. a3 Nc6 21. Nb5 Qe7 22. Nd6 Ne8 23. Rd1 h4 24. Qb6 hxg3+ 25. fxg3 Nxd6 26. cxd6 Qd7 27. Qc7 Rd8 28. Bb6 Bf6 29. b3 a4 30. bxa4 Ne5 31. a5 Qa4 32. Re1 Rd7 33. Qc5 Nc6 34. Nxe6 fxe6 35. Rxe6 Kg7 36. Qf2 Bc3 37. Qe3 Qc4 38. Re7+ Nxe7 39. dxe7 Rxe7 40. Qxe7+ Kg8 41. Bxb7 Bxb7 42. Qxb7 Qa2+ 43. Qg2 Qxa3 44. Qd5+ Kg7 45. Bd4+ Bxd4 46. Qxd4+ Kh7 47. Qd7+ Kh6 48. Qd2+ Kg7 49. h4 Kh7 50. Qd5 Qe3 51. Qa2 Kh6 52. a6 Qa7 53. Qe2 Kh7 54. h5 gxh5 55. Qxh5+ Kg7 56. Qe5+ Kg6 57. Qe8+ Kg5 58. Qb5+ Kg4 59. Kg2 Qd4 60. Qe2+ Kg5 61. Qe7+ Kg6 62. Qe6+ Kg7 63. Kh3 Qg1 64. Qe5+ Kg6 65. Qe4+ Kg5 66. Qd5+ Kg6 67. Kg4 Qb6 68. Qc4 Kf6 69. Qa2 Qd4+ 70. Kh3 Qa7 71. Qb2+ Kg5 72. Qb5+ Kg6 73. Qc6+ Kg5 74. Qd5+ Kg6 75. Qd3+ Kg7 76. g4 Qg1 77. Qd7+ Kh6 78. g5+ Qxg5 79. Qe6+ Kh7 80. Qe4+ 1-0

[Event "MK Cafe Cup-A"]
[Site "Koszalin"]
[Date "1997.08.06"]
[Round "5"]
[White "Sarwinski, Miroslaw"]
[Black "Ilczuk, Piotr"]
[Result "1-0"]
[WhiteElo "2390"]
[BlackElo "2255"]
[PlyCount "72"]
[EventDate "1997.08.03"]
[EventType "swiss"]
[EventRounds "10"]
[EventCountry "POL"]
[SourceTitle "CBM 059 Extra"]
[Source "ChessBase"]
[SourceDate "1997.09.26"]
[SourceVersion "1"]
[SourceVersionDate "1997.09.26"]
[SourceQuality "1"]

1. d4 d5 2. c4 c6 3. Nf3 Nf6 4. Nbd2 Bg4 5. g3 e6 6. Bg2 Nbd7 7. 0-0 Be7 8. Re1 h6 9. a3 b5 10. c5 0-0 11. b3 Ne4 12. Bb2 Bf6 13. b4 Qc7 14. Nb3 Rfe8 15. e3 a5 16. Nfd2 Nxd2 17. Nxd2 e5 18. e4 Be6 19. dxe5 Nxe5 20. Qc2 Nd3 21. Qxd3 Bxb2 22. Rab1 dxe4 23. Nxe4 Bc4 24. Qc2 Bxa3 25. bxa5 Qxa5 26. Red1 Re5 27. Nd6 Re2 28. Nxc4 Rxc2 29. Nxa5 Bxc5 30. Nb3 Bxf2+ 31. Kf1 Rb8 32. Be4 Ra2 33. Nc1 Ra4 34. Bc2 Rc4 35. Bd3 Bxg3 36. Bxc4 Bxh2 1-0

[Event "MK Cafe Cup-A"]
[Site "Koszalin"]
[Date "1997.08.04"]
[Round "2"]
[White "Sarwinski, Miroslaw"]
[Black "Jurkiewicz, Krzysztof"]
[Result "0-1"]
[WhiteElo "2390"]
[BlackElo "2275"]
[PlyCount "92"]
[EventDate "1997.08.03"]
[EventType "swiss"]
[EventRounds "10"]
[EventCountry "POL"]
[SourceTitle "CBM 059 Extra"]
[Source "ChessBase"]
[SourceDate "1997.09.26"]
[SourceVersion "1"]
[SourceVersionDate "1997.09.26"]
[SourceQuality "1"]

1. d4 Nf6 2. c4 e6 3. Nc3 Bb4 4. Qc2 0-0 5. Bg5 h6 6. Bh4 d6 7. a3 Bxc3+ 8. Qxc3 Nbd7 9. f3 c5 10. e3 e5 11. d5 Re8 12. e4 Nf8 13. Bf2 Nh5 14. g3 Bd7 15. Bd3 a6 16. Ne2 Ng6 17. h4 Qf6 18. Bc2 b5 19. b3 a5 20. cxb5 Bxb5 21. Qe3 Bd7 22. Kf1 Bb5 23. Bd3 Reb8 24. Kg2 Rb7 25. Rhb1 Rab8 26. Be1 Bxd3 27. Qxd3 Qxh4 28. gxh4 Nhf4+ 29. Nxf4 Nxf4+ 30. Kf1 Nxd3 31. Bxa5 Rxb3 32. Rxb3 Rxb3 33. Ke2 c4 34. Kd2 Nc5 35. Bb4 Rxb4 36. axb4 Nb3+ 37. Kc3 Nxa1 38. b5 Nb3 39. Kxc4 Na5+ 40. Kb4 Nb7 41. b6 Kf8 42. Kb5 Ke7 43. Kc6 Nd8+ 44. Kc7 h5 45. f4 exf4 46. e5 dxe5 0-1